[Event "32nd olm final"]
[Site "Yerevan"]
[Date "1996.09.16"]
[Round "1.1"]
[White "Danielsen, Henrik"]
[Black "Mamombe, Kudzanai"]
[Result "1-0"]
[WhiteElo "2495"]
[BlackElo "2140"]
[EventDate "1996.09.15"]
[WhiteTeam "Denmark"]
[BlackTeam "Zimbabwe"]
[PlyCount "61"]

1.d4 d5 2.c4 c6 3.Nc3 Nf6 4.e3 a6 5.Bd3 b5 6.b3 Bg4 7.Nge2 e6 8.f3 Bh5 9.
Nf4 Bb4 10.Bd2 Bg6 11.Nxg6 hxg6 12.O-O Qa5 13.Qc2 Nbd7 14.a3 Bxc3 15.Bxc3
Qc7 16.g3 O-O 17.Bb4 bxc4 18.bxc4 Rfc8 19.Rfc1 e5 20.Be7 exd4 21.exd4 dxc4
22.Bxc4 Nb6 23.Bxf6 gxf6 24.Qxg6+ Kf8 25.Qh6+ Kg8 26.Bd3 Nd5 27.Bh7+ Kh8
28.Rxc6 Qa7 29.Bf5+ Kg8 30.Qh7+ Kf8 31.Qh8+ 1-0

[Event "32nd olm final"]
[Site "Yerevan"]
[Date "1996.09.17"]
[Round "2.1"]
[White "Short, Nigel"]
[Black "Hansen, Curt"]
[Result "1/2-1/2"]
[WhiteElo "2695"]
[BlackElo "2595"]
[EventDate "1996.09.15"]
[WhiteTeam "England"]
[BlackTeam "Denmark"]
[PlyCount "45"]

1.e4 d5 2.exd5 Qxd5 3.Nf3 Bg4 4.Be2 Nc6 5.Nc3 Qd7 6.h3 Bh5 7.d4 e6 8.Be3
Bb4 9.O-O Nge7 10.Ne4 Bg6 11.Bd3 Nf5 12.c3 Nxe3 13.fxe3 Be7 14.b4 O-O 15.
b5 Nb8 16.a4 c6 17.Ne5 Qc7 18.Nxg6 hxg6 19.Qb3 Nd7 20.Rf3 Nf6 21.bxc6 bxc6
22.Nxf6+ gxf6 23.Qc4 1/2-1/2

[Event "32nd olm final"]
[Site "Yerevan"]
[Date "1996.09.17"]
[Round "2.2"]
[White "Danielsen, Henrik"]
[Black "Adams, Michael"]
[Result "1/2-1/2"]
[WhiteElo "2495"]
[BlackElo "2685"]
[EventDate "1996.09.15"]
[WhiteTeam "Denmark"]
[BlackTeam "England"]
[PlyCount "68"]

1.d4 Nf6 2.Nf3 e6 3.c4 Bb4+ 4.Bd2 Qe7 5.g3 Nc6 6.Bg2 Bxd2+ 7.Nbxd2 d6 8.
O-O a5 9.e4 e5 10.d5 Nb8 11.Ne1 h5 12.h3 h4 13.g4 O-O 14.Nd3 Na6 15.Qe2
Nd7 16.b3 Nac5 17.Nb2 c6 18.a3 cxd5 19.cxd5 Nb6 20.Qe3 Bd7 21.Rfc1 Rfc8
22.Rc3 Na6 23.Rac1 Rxc3 24.Rxc3 Qd8 25.Bf1 Nc8 26.f4 exf4 27.Qxf4 f6 28.
Qf2 b5 29.Qxh4 b4 30.axb4 axb4 31.Rg3 Ne7 32.g5 Ng6 33.Qh5 Nf4 34.Qh4 Ng6
1/2-1/2

[Event "32nd olm final"]
[Site "Yerevan"]
[Date "1996.09.17"]
[Round "2.4"]
[White "Hoi, Carsten"]
[Black "Sadler, Matthew"]
[Result "0-1"]
[WhiteElo "2445"]
[BlackElo "2615"]
[EventDate "1996.09.15"]
[WhiteTeam "Denmark"]
[BlackTeam "England"]
[PlyCount "60"]

1.d4 d5 2.Nf3 Nf6 3.c4 dxc4 4.e3 e6 5.Bxc4 c5 6.O-O a6 7.Nc3 b5 8.Bb3 Bb7
9.Qe2 Nbd7 10.Rd1 Qb6 11.a4 c4 12.Bc2 b4 13.a5 Qc7 14.Na4 Rc8 15.e4 b3 16.
Bb1 Qxa5 17.e5 Nd5 18.Ng5 Bb4 19.Qf3 Rf8 20.Qh5 Kd8 21.Nxf7+ Kc7 22.Nd6
Bxd6 23.exd6+ Kb8 24.Nc5 Qxa1 25.Nxd7+ Ka7 26.Nxf8 Rxf8 27.Be4 c3 28.bxc3
b2 29.Bd2 Nf4 30.Qg4 Bxe4 0-1

[Event "32nd olm final"]
[Site "Yerevan"]
[Date "1996.09.18"]
[Round "3.1"]
[White "Hansen, Curt"]
[Black "David, Alberto"]
[Result "1/2-1/2"]
[WhiteElo "2595"]
[BlackElo "2435"]
[EventDate "1996.09.15"]
[WhiteTeam "Denmark"]
[BlackTeam "Luxembourg"]
[PlyCount "55"]

1.d4 Nf6 2.c4 g6 3.Nf3 Bg7 4.g3 O-O 5.Bg2 d6 6.O-O Nc6 7.Nc3 a6 8.d5 Na5
9.b3 c5 10.dxc6 Nxc6 11.Bb2 Qa5 12.Nd5 Nxd5 13.Bxg7 Nc3 14.Bxc3 Qxc3 15.
Rc1 Qa5 16.Qc2 Bf5 17.Qb2 Be4 18.Rfd1 Rac8 19.h4 Rc7 20.Ne1 Bxg2 21.Nxg2
Qe5 22.Qd2 Qa5 23.Rc3 Nb4 24.a4 Nd5 25.Rcc1 Qxd2 26.Rxd2 Nf6 27.Ne3 b5 28.
axb5 1/2-1/2

[Event "32nd olm final"]
[Site "Yerevan"]
[Date "1996.09.18"]
[Round "3.2"]
[White "Berend, Fred"]
[Black "Danielsen, Henrik"]
[Result "1/2-1/2"]
[WhiteElo "2425"]
[BlackElo "2495"]
[EventDate "1996.09.15"]
[WhiteTeam "Luxembourg"]
[BlackTeam "Denmark"]
[PlyCount "155"]

1.e4 c6 2.d4 d5 3.exd5 cxd5 4.c4 Nf6 5.Nc3 e6 6.Nf3 Be7 7.cxd5 Nxd5 8.Bc4
Nc6 9.O-O O-O 10.Re1 Re8 11.Bb3 b6 12.Nxd5 exd5 13.Bf4 Bg4 14.Ba4 Rc8 15.
Rc1 Bd7 16.h3 Nb4 17.Rxc8 Qxc8 18.Ne5 b5 19.Bb3 Be6 20.Qe2 Qb7 21.Rc1 Bd6
22.a3 Bxe5 23.Bxe5 Nc6 24.Qd3 Nxe5 25.dxe5 Rc8 26.Rd1 Rc5 27.Ba2 Qc6 28.
Qd4 g6 29.Kh2 a6 30.f4 Qc7 31.Rd3 Rc2 32.Bb3 Rc5 33.Qf2 a5 34.Qd2 Qd8 35.
Rd4 a4 36.Bd1 Qc7 37.Rd3 Rc4 38.Bf3 Rc2 39.Qb4 Qc4 40.Rd4 Qf1 41.Rd2 Rc4
42.Qxb5 Qc1 43.Qa5 Rxf4 44.Bxd5 Rf1 45.g3 Bxd5 46.Qxd5 Qe1 47.Rc2 Qe3 48.
Qg2 Re1 49.Rf2 Kg7 50.h4 Qxe5 51.Qb7 Qe6 52.Qb4 Re4 53.Qc3+ f6 54.Qc7+ Qf7
55.Qxf7+ Kxf7 56.Kh3 f5 57.Rf3 h6 58.b3 axb3 59.Rxb3 g5 60.hxg5 hxg5 61.
Kg2 Re2+ 62.Kf3 Ra2 63.Ke3 Kg6 64.Kf3 g4+ 65.Ke3 Kg5 66.Kd4 Ra1 67.Re3 Rf1
68.Kd3 Rf2 69.Kd4 f4 70.Re5+ Kf6 71.Re4 Kf5 72.Re5+ Kf6 73.Re4 fxg3 74.
Rxg4 Rf3 75.Ke4 Rxa3 76.Kf4 Ra4+ 77.Kxg3 Rxg4+ 78.Kxg4 1/2-1/2

[Event "32nd olm final"]
[Site "Yerevan"]
[Date "1996.09.18"]
[Round "3.4"]
[White "Wagener, Claude"]
[Black "Borge, Nikolaj"]
[Result "0-1"]
[WhiteElo "2185"]
[BlackElo "2455"]
[EventDate "1996.09.15"]
[WhiteTeam "Luxembourg"]
[BlackTeam "Denmark"]
[PlyCount "80"]

1.e4 c5 2.g3 Nc6 3.Bg2 g6 4.d3 Bg7 5.f4 d6 6.Nf3 e6 7.c3 Nge7 8.O-O O-O 9.
Be3 b6 10.Bf2 e5 11.d4 exd4 12.cxd4 Bg4 13.Qd2 Bxf3 14.Bxf3 Nxd4 15.Bg2
Qd7 16.Nc3 Rad8 17.Rae1 Nb5 18.Nd1 Qe6 19.a3 Nd4 20.Kh1 Qb3 21.Ne3 Ndc6
22.Re2 Nd4 23.Ree1 b5 24.Bg1 Ndc6 25.Re2 Nd4 26.Ree1 Kh8 27.f5 Ng8 28.Nd5
Be5 29.f6 Qc2 30.Qg5 Qxb2 31.Bh3 Ne6 32.Bxe6 fxe6 33.Rf2 Qb3 34.Ne7 Rxf6
35.Nxg8 Rxf2 36.Re3 Rxh2+ 37.Kxh2 Qc2+ 38.Kh3 Rxg8 39.Rf3 Qxe4 40.Kg2 Rf8
0-1

[Event "32nd olm final"]
[Site "Yerevan"]
[Date "1996.09.19"]
[Round "4.1"]
[White "Zapata, Alonso"]
[Black "Hansen, Curt"]
[Result "0-1"]
[WhiteElo "2525"]
[BlackElo "2595"]
[EventDate "1996.09.15"]
[WhiteTeam "Colombia"]
[BlackTeam "Denmark"]
[PlyCount "104"]

1.e4 d6 2.d4 Nf6 3.Nc3 g6 4.Be3 c6 5.Qd2 b5 6.Bd3 Nbd7 7.Nf3 e5 8.O-O Bb7
9.Rfe1 Bg7 10.Bh6 O-O 11.a4 exd4 12.Nxd4 b4 13.Nd1 c5 14.Bxg7 Kxg7 15.Nf3
Re8 16.Qf4 Ne5 17.Nxe5 Rxe5 18.f3 Qe7 19.Qc1 c4 20.Bxc4 d5 21.Bb3 dxe4 22.
f4 Rf5 23.Rf1 Ng4 24.h3 Qc5+ 25.Nf2 Nxf2 26.Rxf2 e3 27.Re2 Re8 28.c3 Rxf4
29.cxb4 Qxb4 30.Qc3+ Qxc3 31.bxc3 Ba6 32.c4 Bxc4 33.Bxc4 Rxc4 34.Ra3 Rce4
35.g3 a5 36.Kg2 h5 37.h4 R8e6 38.Kf3 Kf6 39.Ra1 Kf5 40.Ra3 f6 41.Rb3 Rxa4
42.Rbxe3 Re5 43.Rf2 Rxe3+ 44.Kxe3+ Ke5 45.Rc2 Rg4 46.Kf3 a4 47.Rc6 f5 48.
Rc8 Kd5 49.Rc7 Rc4 50.Rg7 a3 51.Ra7 Rc3+ 52.Kf4 Kc4 0-1

[Event "32nd olm final"]
[Site "Yerevan"]
[Date "1996.09.19"]
[Round "4.2"]
[White "Danielsen, Henrik"]
[Black "Garcia, Gildardo"]
[Result "1-0"]
[WhiteElo "2495"]
[BlackElo "2495"]
[EventDate "1996.09.15"]
[WhiteTeam "Denmark"]
[BlackTeam "Colombia"]
[PlyCount "97"]

1.d4 Nf6 2.Nf3 e6 3.c4 Bb4+ 4.Bd2 Qe7 5.g3 Nc6 6.Bg2 Bxd2+ 7.Nbxd2 d6 8.
O-O O-O 9.e4 e5 10.d5 Nb8 11.b4 Nbd7 12.Ne1 c6 13.Nd3 cxd5 14.cxd5 Nb6 15.
a4 Bd7 16.Qb3 Rac8 17.b5 Na8 18.Qb4 Ne8 19.Nc4 f6 20.Rac1 Rf7 21.Qa5 f5
22.Qxa7 fxe4 23.Bxe4 Nf6 24.Bg2 Bf5 25.Ne3 Rxc1 26.Nxc1 Qd8 27.Nxf5 b6 28.
Qa6 Ne8 29.Bh3 Qb8 30.f4 Nac7 31.Qc8 Qxc8 32.Nh6+ gxh6 33.Bxc8 Re7 34.f5
Nf6 35.Be6+ Nxe6 36.dxe6 Ra7 37.Rd1 Ne4 38.Nd3 Nc3 39.Rf1 Ne2+ 40.Kh1 Nd4
41.Nb4 Kf8 42.Nd5 Kg8 43.g4 Rxa4 44.Rc1 Ra8 45.Rc7 Ra1+ 46.Kg2 Ra2+ 47.Kh3
Ra3+ 48.Kh4 Kh8 49.Rc8+ 1-0

[Event "32nd olm final"]
[Site "Yerevan"]
[Date "1996.09.19"]
[Round "4.4"]
[White "Hoi, Carsten"]
[Black "Perdomo, Carlos Andres"]
[Result "0-1"]
[WhiteElo "2445"]
[BlackElo "2315"]
[EventDate "1996.09.15"]
[WhiteTeam "Denmark"]
[BlackTeam "Colombia"]
[PlyCount "98"]

1.d4 Nf6 2.c4 e6 3.Nc3 d5 4.Bg5 Nbd7 5.cxd5 exd5 6.e3 c6 7.Bd3 Be7 8.Qc2
O-O 9.Nf3 Re8 10.O-O Nf8 11.Bxf6 Bxf6 12.b4 Bg4 13.Nd2 a6 14.Bf5 Bxf5 15.
Qxf5 Be7 16.a3 Bd6 17.Nb3 Re6 18.g3 Rf6 19.Qg4 Rg6 20.Qf5 Rf6 21.Qc2 Qc8
22.Nc5 h5 23.e4 dxe4 24.N3xe4 Rg6 25.f4 Bxc5 26.dxc5 Qf5 27.Rac1 h4 28.Ng5
Qxc2 29.Rxc2 hxg3 30.hxg3 Ne6 31.Nxe6 Rxe6 32.Rd1 Re3 33.Kh2 Rxa3 34.Rd7
a5 35.bxa5 R8xa5 36.Kh3 Ra2 37.Rc3 R5a3 38.Rc1 Rb2 39.Re1 Rbb3 40.Kg4
Rxg3+ 41.Kf5 Rae3 42.Rd8+ Kh7 43.Ra1 Rc3 44.Ra5 Rc4 45.Rd1 g6+ 46.Ke5 Rgc3
47.Kd6 Rxf4 48.Rb1 Rd4+ 49.Kc7 Rd5 0-1

[Event "32nd olm final"]
[Site "Yerevan"]
[Date "1996.09.20"]
[Round "5.1"]
[White "Hansen, Curt"]
[Black "Lalic, Bogdan"]
[Result "1/2-1/2"]
[WhiteElo "2595"]
[BlackElo "2565"]
[EventDate "1996.09.15"]
[WhiteTeam "Denmark"]
[BlackTeam "Croatia"]
[PlyCount "39"]

1.Nf3 c5 2.e4 d6 3.d4 cxd4 4.Nxd4 Nf6 5.Nc3 a6 6.Be2 e5 7.Nb3 Be7 8.O-O
O-O 9.Kh1 Qc7 10.a4 b6 11.f4 Bb7 12.Bf3 Nbd7 13.g4 exf4 14.g5 Ne8 15.Bxf4
Ne5 16.Nd4 Qd8 17.h4 g6 18.Nd5 Ng7 19.Bg2 f6 20.Qd2 1/2-1/2

[Event "32nd olm final"]
[Site "Yerevan"]
[Date "1996.09.20"]
[Round "5.2"]
[White "Kozul, Zdenko"]
[Black "Danielsen, Henrik"]
[Result "1-0"]
[WhiteElo "2605"]
[BlackElo "2495"]
[EventDate "1996.09.15"]
[WhiteTeam "Croatia"]
[BlackTeam "Denmark"]
[PlyCount "81"]

1.d4 f5 2.g3 Nf6 3.Bg2 g6 4.Nd2 Nc6 5.c3 Bg7 6.e4 fxe4 7.Nxe4 Nxe4 8.Bxe4
d5 9.Bg2 e5 10.dxe5 Nxe5 11.f4 Bg4 12.Ne2 Nd7 13.h3 Bf5 14.Qxd5 c6 15.Qf3
O-O 16.g4 Bc2 17.O-O Ne5 18.Qg3 Nc4 19.Nd4 Bxd4+ 20.cxd4 Qxd4+ 21.Qf2 Rad8
22.Qxd4 Rxd4 23.b3 Nd2 24.Rf2 Rfd8 25.Bb2 R4d7 26.Bf6 Re8 27.Bc3 Nb1 28.
Be5 Rd1+ 29.Kh2 Bd3 30.Bf3 Re1 31.Kg3 g5 32.Bf6 gxf4+ 33.Kxf4 R8e6 34.g5
b5 35.b4 Bg6 36.a4 bxa4 37.Rxa4 Rc1 38.Rxa7 Rc4+ 39.Kg3 Re3 40.Kg2 Kf8 41.
Bg7+ 1-0

[Event "32nd olm final"]
[Site "Yerevan"]
[Date "1996.09.20"]
[Round "5.3"]
[White "Mortensen, Erling"]
[Black "Cvitan, Ognjen"]
[Result "1/2-1/2"]
[WhiteElo "2445"]
[BlackElo "2535"]
[EventDate "1996.09.15"]
[WhiteTeam "Denmark"]
[BlackTeam "Croatia"]
[PlyCount "64"]

1.e4 c5 2.Nf3 e6 3.d4 cxd4 4.Nxd4 Nf6 5.Nc3 d6 6.Be2 a6 7.f4 Qc7 8.O-O Be7
9.Kh1 O-O 10.a4 Nc6 11.Be3 Re8 12.Bf3 Rb8 13.g4 Bf8 14.g5 Nd7 15.Bg2 g6
16.Qf3 b6 17.Qh3 Nb4 18.f5 exf5 19.exf5 Nc5 20.Rae1 Re5 21.Bf4 Rxe1 22.
Rxe1 Bb7 23.Re2 Qd7 24.Bxb7 Qxb7+ 25.Qg2 Qd7 26.b3 Re8 27.Nd5 Nxd5 28.Qxd5
Rxe2 29.Nxe2 Qxf5 30.Qxf5 gxf5 31.Kg2 f6 32.Nd4 Kf7 1/2-1/2

[Event "32nd olm final"]
[Site "Yerevan"]
[Date "1996.09.21"]
[Round "6.1"]
[White "Yegiazarian, Arsen"]
[Black "Hansen, Curt"]
[Result "0-1"]
[WhiteElo "2455"]
[BlackElo "2595"]
[EventDate "1996.09.15"]
[WhiteTeam "Armenia 3"]
[BlackTeam "Denmark"]
[PlyCount "76"]

1.d4 Nf6 2.Nf3 d6 3.c4 g6 4.Nc3 Bg7 5.e4 O-O 6.h3 e5 7.d5 a5 8.Be3 Na6 9.
g4 Bd7 10.Nd2 c6 11.Be2 Nc5 12.Qc2 a4 13.g5 Ne8 14.Bg4 f5 15.gxf6 Nxf6 16.
Bxd7 Nfxd7 17.h4 Nf6 18.Bxc5 dxc5 19.Nxa4 Ng4 20.f3 Ne3 21.Qb3 Bh6 22.Ke2
b5 23.Nxc5 bxc4 24.Qc3 cxd5 25.Ne6 Qe7 26.Nxf8 d4 27.Nxg6 Qa7 28.Ne7+ Qxe7
29.Rag1+ Kh8 30.Qc1 d3+ 31.Ke1 Nc2+ 32.Kf1 Rxa2 33.Kg2 Ra1 34.Qxa1 Nxa1
35.Nxc4 Nc2 36.Rd1 Qb4 37.Nxe5 Ne3+ 38.Kh3 Qxb2 0-1

[Event "32nd olm final"]
[Site "Yerevan"]
[Date "1996.09.21"]
[Round "6.2"]
[White "Danielsen, Henrik"]
[Black "Galdunts, Sergei"]
[Result "0-1"]
[WhiteElo "2495"]
[BlackElo "2465"]
[EventDate "1996.09.15"]
[WhiteTeam "Denmark"]
[BlackTeam "Armenia 3"]
[PlyCount "68"]

1.d4 Nf6 2.Nf3 e6 3.c4 d5 4.g3 Bb4+ 5.Bd2 Be7 6.Bg2 c6 7.Qc2 O-O 8.O-O b6
9.Rd1 Ba6 10.b3 Nbd7 11.a4 Rc8 12.a5 c5 13.axb6 Qxb6 14.Qa2 Bb7 15.b4 cxb4
16.c5 Nxc5 17.dxc5 Bxc5 18.e3 Qd6 19.Nd4 a5 20.Be1 a4 21.Qb2 Ra8 22.Bf1
Rfb8 23.Bb5 e5 24.Bxa4 Ng4 25.h3 Nf6 26.Nb3 d4 27.Nxc5 Qxc5 28.e4 Nxe4 29.
Bxb4 Qc8 30.Rc1 Qxh3 31.Bc6 Bxc6 32.Rxc6 Rxa1 33.Qxa1 Nxg3 34.fxg3 Qxg3+
0-1

[Event "32nd olm final"]
[Site "Yerevan"]
[Date "1996.09.21"]
[Round "6.3"]
[White "Nadanian, Ashot"]
[Black "Mortensen, Erling"]
[Result "1-0"]
[WhiteElo "2325"]
[BlackElo "2445"]
[EventDate "1996.09.15"]
[WhiteTeam "Armenia 3"]
[BlackTeam "Denmark"]
[PlyCount "61"]

1.e4 c5 2.g3 Nc6 3.Bg2 g6 4.d3 Bg7 5.f4 d6 6.Nf3 e5 7.O-O exf4 8.gxf4 Nge7
9.c3 O-O 10.Be3 Kh8 11.Na3 f5 12.Qe1 Be6 13.e5 dxe5 14.Bxc5 Bd5 15.fxe5
Bxf3 16.Rxf3 Bxe5 17.Re3 Bd6 18.Bxd6 Qxd6 19.Re6 Qd7 20.Nc4 f4 21.Qe4 Nf5
22.Re1 Nh4 23.Bh3 f3 24.Kf2 Qd8 25.d4 Qg5 26.Qg4 Qd5 27.Qxh4 Qxc4 28.Re7
Nxe7 29.Rxe7 Rf7 30.b3 Qd5 31.Be6 1-0

[Event "32nd olm final"]
[Site "Yerevan"]
[Date "1996.09.21"]
[Round "6.4"]
[White "Borge, Nikolaj"]
[Black "Chibukhchian, Artur"]
[Result "0-1"]
[WhiteElo "2455"]
[BlackElo "2310"]
[EventDate "1996.09.15"]
[WhiteTeam "Denmark"]
[BlackTeam "Armenia 3"]
[PlyCount "86"]

1.e4 c5 2.Nf3 Nc6 3.d4 cxd4 4.Nxd4 Qc7 5.Nc3 e6 6.f4 a6 7.Be3 b5 8.Be2 Bb7
9.Bf3 Rc8 10.O-O Bc5 11.Kh1 Qb6 12.e5 Bxd4 13.Bxd4 Nxd4 14.Bxb7 Qxb7 15.
Qxd4 Ne7 16.Ne4 Nf5 17.Qd3 Rc4 18.Nd6+ Nxd6 19.exd6 Qc6 20.f5 Rxc2 21.Qg3
O-O 22.fxe6 dxe6 23.Rad1 Rd8 24.d7 h6 25.Rd6 Rc1 26.Rg1 Rxg1+ 27.Kxg1 Qc1+
28.Kf2 Qxb2+ 29.Ke3 Qxa2 30.Rd3 Qa5 31.Qd6 b4 32.h4 Kh7 33.Qe7 Qe5+ 34.Kd2
Qf6 35.Qxb4 Qf2+ 36.Kc3 Qe1+ 37.Kb3 Qb1+ 38.Kc3 Qc1+ 39.Kb3 Qc7 40.Qc4
Qb7+ 41.Kc3 Rxd7 42.Rxd7 Qxd7 43.Qxa6 Qc7+ 0-1

[Event "32nd olm final"]
[Site "Yerevan"]
[Date "1996.09.23"]
[Round "7.2"]
[White "Nielsen, Peter Heine"]
[Black "Magai, Vladimir"]
[Result "0-1"]
[WhiteElo "2530"]
[BlackElo "2500"]
[EventDate "1996.09.15"]
[WhiteTeam "Denmark"]
[BlackTeam "Kyrgyzstan"]
[PlyCount "128"]

1.Nf3 Nf6 2.d4 g6 3.c4 Bg7 4.Nc3 O-O 5.e4 d6 6.Be2 e5 7.O-O Nc6 8.d5 Ne7
9.Ne1 Ne8 10.Be3 f5 11.f3 f4 12.Bf2 h5 13.c5 g5 14.a4 Rf6 15.cxd6 Nxd6 16.
Nb5 a6 17.Nxd6 cxd6 18.Nd3 Rg6 19.Qb3 Kh8 20.Qb6 Qf8 21.Rfc1 g4 22.Be1
gxf3 23.Bxf3 Bg4 24.Kf1 Qf6 25.Rc7 Re8 26.Qxb7 h4 27.Nf2 Bxf3 28.gxf3 h3
29.Nxh3 Bf8 30.Qxa6 Qg7 31.Qb5 Rd8 32.Qe2 Qh6 33.Ng1 Bg7 34.Rxe7 Bf6 35.
Re6 Rdg8 36.Bg3 fxg3 37.h3 g2+ 38.Ke1 Bh4+ 39.Kd1 Rxe6 40.dxe6 Qxe6 41.Ra3
Bg5 42.f4 Bxf4 43.Rc3 Qh6 44.Qf3 Bh2 45.Rc2 Bxg1 46.Rxg2 Rxg2 47.Qxg2 Bd4
48.Qg4 Qf6 49.a5 Qf1+ 50.Kd2 Qc4 51.Qh4+ Kg7 52.Qe7+ Kg6 53.Qxd6+ Kg5 54.
Qf8 Kh4 55.Qf6+ Kg3 56.Qg5+ Kh2 57.Qe7 Bxb2 58.Qd6 Bc3+ 59.Kd1 Qa4+ 60.Ke2
Qxa5 61.Qd5 Qa1 62.h4 Qe1+ 63.Kd3 Bd4 64.Qa2+ Kg3 0-1

[Event "32nd olm final"]
[Site "Yerevan"]
[Date "1996.09.23"]
[Round "7.3"]
[White "Moldobaev, Emelbek"]
[Black "Mortensen, Erling"]
[Result "1/2-1/2"]
[WhiteElo "2490"]
[BlackElo "2445"]
[EventDate "1996.09.15"]
[WhiteTeam "Kyrgyzstan"]
[BlackTeam "Denmark"]
[PlyCount "153"]

1.Nf3 Nf6 2.c4 g6 3.g3 Bg7 4.Bg2 O-O 5.O-O c6 6.d4 d6 7.Nc3 Qa5 8.e4 e5 9.
h3 Nbd7 10.Re1 exd4 11.Nxd4 Ne5 12.Bf1 Re8 13.Rb1 c5 14.Nb3 Qb4 15.Bg5 Be6
16.Nd2 a6 17.a3 Qa5 18.Be3 b5 19.cxb5 axb5 20.b4 Qd8 21.Nxb5 c4 22.Rc1 Qd7
23.a4 Bxh3 24.Bxh3 Qxh3 25.Nc7 Nfg4 26.Nf1 h5 27.Bd4 Nd3 28.Bxg7 Ngxf2 29.
Qf3 Kxg7 30.Nxe8+ Rxe8 31.Rxc4 Re6 32.Qg2 Nxe1 33.Qxf2 Nd3 34.Qd4+ Ne5 35.
Rc2 Qg4 36.Rf2 Kg8 37.Kg2 h4 38.Qe3 Qd1 39.Qf4 Qxa4 40.gxh4 Qxb4 41.Ng3
Qb7 42.Qg5 Qe7 43.Qxe7 Rxe7 44.h5 Ra7 45.Rd2 Ra6 46.hxg6 fxg6 47.Ne2 Kf7
48.Nc3 Ke6 49.Nb5 Kd7 50.Nd4 Rb6 51.Nf3 Ke6 52.Nd4+ Ke7 53.Nf3 Kf6 54.Nxe5
Kxe5 55.Kf3 Rb3+ 56.Kf2 Rb5 57.Kf3 Ra5 58.Rd1 Ra3+ 59.Kf2 Ra5 60.Kf3 g5
61.Rd2 Ra3+ 62.Kf2 Ra6 63.Kf3 g4+ 64.Kxg4 Kxe4 65.Rd1 Ra4 66.Kg3 d5 67.
Re1+ Kd4 68.Rd1+ Kc4 69.Kf3 Ra3+ 70.Ke2 Ra2+ 71.Ke3 Ra3+ 72.Ke2 d4 73.Rc1+
Rc3 74.Rh1 Rc2+ 75.Kd1 Rb2 76.Rh3 Rb3 77.Rxb3 1/2-1/2

[Event "32nd olm final"]
[Site "Yerevan"]
[Date "1996.09.23"]
[Round "7.4"]
[White "Hoi, Carsten"]
[Black "Imanaliev, Taalaibek"]
[Result "1/2-1/2"]
[WhiteElo "2445"]
[BlackElo "2395"]
[EventDate "1996.09.15"]
[WhiteTeam "Denmark"]
[BlackTeam "Kyrgyzstan"]
[PlyCount "53"]

1.d4 d5 2.Nf3 c6 3.c4 Nf6 4.Nc3 dxc4 5.a4 Bg4 6.e4 e6 7.Bxc4 Bb4 8.h3 Bh5
9.e5 Nd5 10.O-O Nxc3 11.bxc3 Be7 12.Rb1 Qc7 13.Be2 Nd7 14.c4 Rd8 15.Qb3 b6
16.Bf4 O-O 17.Rfe1 Qc8 18.a5 bxa5 19.c5 Nb8 20.Be3 Rd7 21.Qa4 Bd8 22.Nd2
Bxe2 23.Rxe2 Na6 24.Nc4 Nb4 25.Nd6 Qa6 26.Rd2 Nd5 27.Qc4 1/2-1/2

[Event "32nd olm final"]
[Site "Yerevan"]
[Date "1996.09.24"]
[Round "8.1"]
[White "Nielsen, Peter Heine"]
[Black "Montalvo, Alejandro"]
[Result "1-0"]
[WhiteElo "2530"]
[BlackElo "2250"]
[EventDate "1996.09.15"]
[WhiteTeam "Denmark"]
[BlackTeam "Puerto Rico"]
[PlyCount "29"]

1.c4 Nf6 2.Nc3 e6 3.e4 d5 4.e5 Ne4 5.Nf3 Be7 6.Qc2 Nxc3 7.dxc3 c5 8.Bf4
dxc4 9.Bxc4 h6 10.O-O O-O 11.Qe4 Nd7 12.Rad1 Bg5 13.Bxg5 hxg5 14.Rfe1 Qe7
15.Qg4 1-0

[Event "32nd olm final"]
[Site "Yerevan"]
[Date "1996.09.24"]
[Round "8.2"]
[White "Santa Torres, Juan"]
[Black "Danielsen, Henrik"]
[Result "0-1"]
[WhiteElo "2220"]
[BlackElo "2495"]
[EventDate "1996.09.15"]
[WhiteTeam "Puerto Rico"]
[BlackTeam "Denmark"]
[PlyCount "116"]

1.d4 Nf6 2.c4 e6 3.Nf3 b6 4.a3 Bb7 5.Nc3 g6 6.Qc2 Bxf3 7.exf3 Bg7 8.Be2
Nc6 9.Be3 O-O 10.O-O d5 11.Rfd1 Ne7 12.Rac1 c6 13.cxd5 exd5 14.Bd3 Qd6 15.
b4 b5 16.a4 a6 17.Qb3 Nh5 18.g3 f5 19.f4 Nf6 20.Ra1 Nd7 21.Ra2 Nb6 22.Rda1
Rfb8 23.axb5 axb5 24.Ra6 Rxa6 25.Rxa6 Nec8 26.Be2 Bf8 27.Na2 Ra8 28.Rxa8
Nxa8 29.Bd2 Nc7 30.Nc1 Ne6 31.Qe3 Nb6 32.Bc3 Nc4 33.Qd3 Bg7 34.Nb3 Qe7 35.
h4 Qa7 36.Bd1 h5 37.Kg2 Bf6 38.Kg1 Kf7 39.Kf1 Qa3 40.Qc2 Qa7 41.Qd3 Nd6
42.Nc5 Ne4 43.Nxe6 Kxe6 44.Bb2 Qa2 45.Qc2 Qc4+ 46.Kg2 Be7 47.f3 Qxc2+ 48.
Bxc2 Nf6 49.Bc3 Ne8 50.Kf2 Nc7 51.Ke2 Na6 52.Bb1 Bxb4 53.Bb2 Nc7 54.Bc1
Bc3 55.Be3 b4 56.Bf2 Nb5 57.Kd3 b3 58.g4 Bb2 0-1

[Event "32nd olm final"]
[Site "Yerevan"]
[Date "1996.09.24"]
[Round "8.3"]
[White "Mortensen, Erling"]
[Black "Santa Torres, Luis"]
[Result "1-0"]
[WhiteElo "2445"]
[BlackElo "2255"]
[EventDate "1996.09.15"]
[WhiteTeam "Denmark"]
[BlackTeam "Puerto Rico"]
[PlyCount "109"]

1.e4 e6 2.d4 d5 3.Nc3 Bb4 4.e5 c5 5.a3 Bxc3+ 6.bxc3 Ne7 7.Nf3 Nbc6 8.h4
Qc7 9.h5 h6 10.Rh4 Nf5 11.Rg4 c4 12.Nh4 Nce7 13.a4 O-O 14.Ba3 Nxh4 15.Rxh4
f5 16.g3 Rf7 17.Kd2 Bd7 18.Be2 a5 19.Qg1 Qd8 20.Qb1 Bc6 21.f4 Qd7 22.Qa2
Nc8 23.Rg1 Bxa4 24.g4 fxg4 25.Rhxg4 b5 26.Rg6 Rxf4 27.Rxg7+ Qxg7 28.Rxg7+
Kxg7 29.Qa1 Kf7 30.Qg1 Ne7 31.Bxe7 Kxe7 32.Qg6 b4 33.Qxh6 Raf8 34.Qg5+ Kd7
35.h6 b3 36.cxb3 cxb3 37.Kc1 Rf2 38.Qh5 R8f5 39.Qg4 Rh2 40.Qg7+ Kc6 41.Qe7
Rff2 42.Qxe6+ Kc7 43.Qd6+ Kb7 44.Qa6+ Kb8 45.Qb6+ Kc8 46.Bg4+ Bd7 47.Qc6+
Kb8 48.Qd6+ Ka8 49.Qxd5+ Kb8 50.Qd6+ Ka8 51.Bf3+ Rxf3 52.Qd5+ Kb8 53.Qxf3
a4 54.e6 Rc2+ 55.Kd1 1-0

[Event "32nd olm final"]
[Site "Yerevan"]
[Date "1996.09.25"]
[Round "9.1"]
[White "Hansen, Curt"]
[Black "Bologan, Viorel"]
[Result "1/2-1/2"]
[WhiteElo "2595"]
[BlackElo "2600"]
[EventDate "1996.09.15"]
[WhiteTeam "Denmark"]
[BlackTeam "Moldova"]
[PlyCount "65"]

1.d4 Nf6 2.c4 Nc6 3.Nf3 e6 4.Nc3 Bb4 5.Qc2 d6 6.a3 Bxc3+ 7.Qxc3 a5 8.b3
O-O 9.Bb2 Re8 10.g3 e5 11.dxe5 dxe5 12.Bg2 Bg4 13.O-O Bxf3 14.Qxf3 Nd4 15.
Bxd4 exd4 16.Qxb7 Rb8 17.Qa7 Rxb3 18.Bf3 Qd6 19.Qxa5 Nd7 20.Rfb1 Rxb1+ 21.
Rxb1 d3 22.c5 Nxc5 23.Qb5 Rd8 24.exd3 g6 25.a4 Qd4 26.a5 Nxd3 27.Rf1 c5
28.a6 c4 29.Qb7 c3 30.a7 c2 31.a8=Q Rxa8 32.Qxa8+ Kg7 33.Qa1 1/2-1/2

[Event "32nd olm final"]
[Site "Yerevan"]
[Date "1996.09.25"]
[Round "9.2"]
[White "Rogozenko, Dorian"]
[Black "Nielsen, Peter Heine"]
[Result "1/2-1/2"]
[WhiteElo "2525"]
[BlackElo "2530"]
[EventDate "1996.09.15"]
[WhiteTeam "Moldova"]
[BlackTeam "Denmark"]
[PlyCount "139"]

1.d4 e6 2.c4 f5 3.g3 Nf6 4.Bg2 d5 5.Nh3 c6 6.Qc2 Bd6 7.O-O O-O 8.Bf4 Be7
9.Nd2 Na6 10.Rad1 h6 11.Be5 g5 12.Bxf6 Bxf6 13.e3 Bd7 14.a3 Nc7 15.f4 g4
16.Nf2 h5 17.Nd3 a5 18.c5 Qe7 19.Ra1 Ra7 20.b4 Rfa8 21.Nb3 axb4 22.axb4
Nb5 23.Qb2 Qd8 24.Rfc1 Qb8 25.Bf1 Rxa1 26.Rxa1 Rxa1 27.Qxa1 Qa7 28.Qxa7
Nxa7 29.Na5 Bc8 30.Nc1 Kf8 31.Na2 Bd8 32.Nb3 Bd7 33.Nc3 Ke8 34.Na4 Bc7 35.
Kf2 Nc8 36.Bd3 Ne7 37.Na5 Bxa5 38.bxa5 Kd8 39.Kg2 Bc8 40.h4 Ng8 41.Kf2 Nf6
42.Ke1 Ne8 43.Kd2 Nf6 44.Kc2 Kc7 45.Nc3 Ng8 46.Na2 Nf6 47.Nb4 Ng8 48.Kb3
Nf6 49.Ka4 Ng8 50.Bf1 Nf6 51.Bg2 Nd7 52.Nd3 Kd8 53.Kb4 Kc7 54.Ne5 Nxe5 55.
fxe5 Bd7 56.Bf1 Be8 57.Kc3 Kd8 58.Be2 Ke7 59.a6 bxa6 60.Bxa6 Kd8 61.Kd2
Kc7 62.e4 dxe4 63.Ke3 Kd7 64.Kf4 Ke7 65.Kg5 Bf7 66.Bf1 Be8 67.Bc4 Bf7 68.
Ba6 Be8 69.Bb7 Bd7 70.Ba6 1/2-1/2

[Event "32nd olm final"]
[Site "Yerevan"]
[Date "1996.09.25"]
[Round "9.3"]
[White "Danielsen, Henrik"]
[Black "Iordachescu, Viorel"]
[Result "1-0"]
[WhiteElo "2495"]
[BlackElo "2460"]
[EventDate "1996.09.15"]
[WhiteTeam "Denmark"]
[BlackTeam "Moldova"]
[PlyCount "123"]

1.d4 Nf6 2.Nf3 g6 3.c4 Bg7 4.g3 O-O 5.Bg2 d6 6.Nc3 c6 7.O-O Nbd7 8.e4 e5
9.b3 Re8 10.h3 a6 11.Be3 b5 12.dxe5 dxe5 13.Nd2 Bb7 14.c5 a5 15.a3 Nf8 16.
b4 a4 17.Re1 Ne6 18.Nf3 Qc7 19.Qc2 Re7 20.Rad1 Rf8 21.Rd6 Ne8 22.Red1 Kh8
23.Ne2 Bc8 24.h4 Qb7 25.h5 Kg8 26.h6 Bh8 27.R6d2 Qc7 28.Kh1 Nf6 29.Nh2 Nd8
30.Rd6 Be6 31.R1d2 Ree8 32.f4 Nb7 33.f5 Bb3 34.Qc3 Nxd6 35.cxd6 Qd8 36.g4
Nd7 37.Nf3 Nb6 38.d7 Re7 39.Bxb6 Qxb6 40.g5 f6 41.Bh3 fxg5 42.Nxg5 Bf6 43.
Qg3 Qd8 44.fxg6 hxg6 45.Ng1 Bxg5 46.Qxg5 Kh8 47.Rd6 Bc2 48.Qg2 Bb1 49.Rd1
Rh7 50.Rxb1 Rxh6 51.Rd1 Kg7 52.Qg3 Qf6 53.Rd3 Rh4 54.Rf3 Rf4 55.Rxf4 exf4
56.Qd3 Qh4 57.Qd4+ Kh7 58.e5 Qg5 59.Qd6 Rh8 60.Nf3 Qg3 61.Qe7+ Kh6 62.Bg2
1-0